Hero /
英雄 /
A fearless warrior rises up to defy an empire and unite a nation. With supernatural skill, and no fear, the soldier embarks on a mission of revenge against the fearsome army that has massacred his people. To achieve the justice he seeks, he must take on the empire's most ruthless assassins and...
| Uniform Title: | Ying xiong (Motion picture) |
|---|---|
| Other Authors: | , , , , , , , , , , , , , , |
| Format: | Video |
| Language: | Chinese |
| Language Notes: | Mandarin dialogue with English subtitles; closed-captioned in English. |
| Published: |
[Burbank, CA] :
Miramax Films,
[2009]
|
| Subjects: | |
| Online Access: | Connect to this streaming video (Swank Digital Campus) |
MARC
| Tag | First Indicator | Second Indicator | Subfields |
|---|---|---|---|
| LEADER | 00000cgm a2200000 i 4500 | ||
| 001 | in00004734026 | ||
| 008 | 151001s2002 cau099 o vlchi d | ||
| 006 | m o c | ||
| 007 | cr cna|||||||| | ||
| 007 | vz czazuu | ||
| 005 | 20231207232846.4 | ||
| 035 | |a (OCoLC)ocn922641419 | ||
| 040 | |a MOSMP |b eng |e rda |e pn |c MOSMP |d OCLCO |d OCLCA |d OCLCF |d OCLCO |d MOSMP |d OCLCO |d OCL |d OCLCQ |d OCLCO |d CDS |d NJT |d OCL |d ZAD |d WAU |d OCLCO |d CUV |d OCLCO | ||
| 019 | |a 1022567580 | ||
| 035 | |a (OCoLC)922641419 |z (OCoLC)1022567580 | ||
| 041 | 0 | |a chi |j eng |p eng |h chi | |
| 043 | |a a-cc--- | ||
| 046 | |k 2002 |2 edtf | ||
| 050 | 4 | |a PN1997.2 | |
| 082 | 0 | 4 | |a 791.43/72 |2 23 |
| 130 | 0 | |a Ying xiong (Motion picture) | |
| 245 | 1 | 0 | |6 880-01 |a Hero / |c Miramax Films presents in association with Elite Group Enterprises Inc., an Edko Films, Zhang Yimou Studio Production in collaboration with China Film Co-Production Corporation, Sil-Metropole Organisation Limited and Beijing New Picture Film Co. Ltd., a Zhang Yimou film ; produced by Bill Kong, Zhang Yimou ; screenplay by Li Feng, Zhang Yimou, Wang Bin ; directed by Zhang Yimou. |
| 257 | |a China |2 naf | ||
| 264 | 1 | |a [Burbank, CA] : |b Miramax Films, |c [2009] | |
| 300 | |a 1 online resource (1 video file (approximately 99 min.)) : |b sound, color | ||
| 306 | |a 013911 | ||
| 336 | |a two-dimensional moving image |b tdi |2 rdacontent | ||
| 337 | |a computer |b c |2 rdamedia | ||
| 338 | |a online resource |b cr |2 rdacarrier | ||
| 340 | |g polychrome |2 rdacc | ||
| 340 | |g color | ||
| 344 | |a digital |2 rdatr | ||
| 347 | |a video file |2 rdaft | ||
| 380 | |a Motion pictures |2 lcgft | ||
| 511 | 1 | |a Jet Li, Tony Leung, Maggie Cheung, Zhang Ziyi, Chen Dao Ming, Donnie Yen. | |
| 508 | |a Director of photography, Christopher Doyle ; editors, Zhai Ru, Angie Lam ; music composer and conductor, Tan Dun ; costume designer, Emi Wada ; action director, Tony Ching Siu-Tung ; visual effects supervisor, Ellen Poon ; story by Zhang Yimou, Li Feng, Wang Bin. | ||
| 500 | |a Originally released as a motion picture in 2002. | ||
| 521 | 8 | |a MPAA rating: PG-13; for stylized martial arts violence and a scene of sensuality. | |
| 520 | |a A fearless warrior rises up to defy an empire and unite a nation. With supernatural skill, and no fear, the soldier embarks on a mission of revenge against the fearsome army that has massacred his people. To achieve the justice he seeks, he must take on the empire's most ruthless assassins and reach the enemy he has sworn to defeat. The story of the First Emperor of China, who is on the brink of winning a war-torn land during the dawn of the Qin dynasty over 2,000 years ago. Three opponents are determined to kill the King, but the warrior stands in their way. | ||
| 546 | |a Mandarin dialogue with English subtitles; closed-captioned in English. | ||
| 588 | 0 | |a Videodisc version record. | |
| 650 | 0 | |a Swordsmen |z China |v Drama. | |
| 650 | 0 | |a Supernatural |v Drama. | |
| 650 | 0 | |a Soldiers |z China |v Drama. | |
| 650 | 0 | |a Revenge |z China |v Drama. | |
| 650 | 0 | |a Assassins |z China |v Drama. | |
| 651 | 0 | |a China |x Kings and rulers |v Drama. | |
| 651 | 0 | |a China |x History |y Qin dynasty, 221-207 B.C. |v Drama. | |
| 650 | 7 | |a Assassins. |2 fast |0 (OCoLC)fst00818974 | |
| 650 | 7 | |a Kings and rulers. |2 fast |0 (OCoLC)fst00987694 | |
| 650 | 7 | |a Revenge. |2 fast |0 (OCoLC)fst01096476 | |
| 650 | 7 | |a Soldiers. |2 fast |0 (OCoLC)fst01125233 | |
| 650 | 7 | |a Supernatural. |2 fast |0 (OCoLC)fst01138960 | |
| 650 | 7 | |a Swordsmen. |2 fast |0 (OCoLC)fst01140688 | |
| 651 | 7 | |a China. |2 fast |0 (OCoLC)fst01206073 | |
| 648 | 7 | |a 221-207 B.C. |2 fast | |
| 655 | 7 | |a Video recordings for the hearing impaired. |2 fast |0 (OCoLC)fst01710450 | |
| 655 | 7 | |a Internet videos. |2 fast |0 (OCoLC)fst01750214 | |
| 655 | 7 | |a Action and adventure films. |2 fast |0 (OCoLC)fst01710568 | |
| 655 | 7 | |a Drama. |2 fast |0 (OCoLC)fst01423879 | |
| 655 | 7 | |a Feature films. |2 fast |0 (OCoLC)fst01710384 | |
| 655 | 7 | |a Fiction films. |2 fast |0 (OCoLC)fst01710264 | |
| 655 | 7 | |a Historical films. |2 fast |0 (OCoLC)fst01710314 | |
| 655 | 7 | |a History. |2 fast |0 (OCoLC)fst01411628 | |
| 655 | 7 | |a Martial arts films. |2 fast |0 (OCoLC)fst01710575 | |
| 655 | 7 | |a Martial arts films. |2 lcgft | |
| 655 | 7 | |a Action and adventure films. |2 lcgft | |
| 655 | 7 | |a Historical films. |2 lcgft | |
| 655 | 7 | |a Feature films. |2 lcgft | |
| 655 | 7 | |a Fiction films. |2 lcgft | |
| 655 | 7 | |a Internet videos. |2 lcgft | |
| 655 | 7 | |a Video recordings for the hearing impaired. |2 lcgft | |
| 655 | 7 | |a Motion pictures, Chinese. |2 local | |
| 655 | 7 | |a Foreign films. |2 local | |
| 655 | 7 | |a Films d'arts martiaux. |2 rvmgf | |
| 655 | 7 | |a Films d'aventures. |2 rvmgf | |
| 655 | 7 | |a Films historiques. |2 rvmgf | |
| 655 | 7 | |a Films de fiction. |2 rvmgf | |
| 655 | 7 | |a Vidéos sur Internet. |2 rvmgf | |
| 655 | 7 | |a Vidéos pour personnes handicapées auditives. |2 rvmgf | |
| 700 | 1 | |a Zhang, Yimou, |e film director, |e screenwriter, |e film producer. | |
| 700 | 1 | |a Tan, Dun, |d 1957- |e composer (expression) | |
| 700 | 1 | |6 880-02 |a Kong, Bill, |e film producer. | |
| 700 | 1 | |a Ru, Zhai, |e editor of moving image work. | |
| 700 | 1 | |a Lam, Angie, |d 1965- |e film editor. | |
| 700 | 1 | |a Wada, Emi, |e costume designer. | |
| 700 | 1 | |6 880-03 |a Li, Feng, |d 1968- |e screenwriter. | |
| 700 | 1 | |a Wang, Bin |c (Screenwriter), |e screenwriter. | |
| 700 | 1 | |a Cheng, Xiaodong, |d 1953- |e director. | |
| 700 | 1 | |a Poon, Ellen, |e visual effects provider. | |
| 700 | 1 | |6 880-04 |a Li, Jet, |d 1963- |e actor. | |
| 700 | 1 | |6 880-05 |a Leung, Tony Chiu Wai, |d 1962- |e actor. | |
| 700 | 1 | |6 880-06 |a Zhang, Manyu, |e actor. | |
| 700 | 1 | |6 880-07 |a Zhang, Ziyi, |d 1979- |e actor. | |
| 700 | 1 | |6 880-08 |a Chen, Daoming, |e actor. | |
| 700 | 1 | |6 880-09 |a Yen, Donnie, |d 1963- |e actor. | |
| 700 | 1 | |a Doyle, Christopher, |d 1952- |e directof of photography. | |
| 710 | 2 | |a Miramax Films, |e presenter. | |
| 710 | 2 | |a Elite Group Enterprises, |e production company. | |
| 710 | 2 | |a Edko Films, |e production company. | |
| 710 | 2 | |a Zhang Yimou gong zuo shi, |e production company. | |
| 710 | 2 | |a Zhongguo dian ying he zuo zhi pian gong si, |e production company. | |
| 710 | 2 | |a Yin du ji gou you xian gong si (Hong Kong, China), |e production company. | |
| 710 | 2 | |a Beijing xin hua mian ying ye you xian gong si, |e production company. | |
| 856 | 4 | 0 | |u http://proxy.library.tamu.edu/login?url=https://coral.library.tamu.edu/resourcelink.php?resource=16940 |z Connect to this streaming video (Swank Digital Campus) |t 0 |
| 880 | 1 | 0 | |6 245-01 |a 英雄 / |c Miramax Films presents in association with Elite Group Enterprises, Inc., an Ediko Films, Zhang Yimou Studio production in association with China Film Co-Production, Sil-Metropole Organisation Limited and Beijing New Picture Film Co. Ltd. ; 編劇張藝謀, 李馮, 王斌 ; 導演張藝謀 ; 監製江志強, 張藝謀 = Hero / Miramax Films presents in association with Elite Group Enterprises, Inc., an Ediko Films, Zhang Yimou Studio production in association with China Film Co-Production, Sil-Metropole Organisation Limited and Beijing New Picture Film Co. Ltd. ; screenplay by Zhang Yimou, Li Feng, Wang Bin ; directed by Zhang Yimou ; produced by Bill Kong, Zhang Yimou. |
| 880 | 1 | |6 700-02 |a 江志強, |e film producer. | |
| 880 | 1 | |6 700-03 |a 李馮, |d 1968-, |e screenwriter. | |
| 880 | 1 | |6 700-04 |a 李连杰, |d 1963-, |e actor. | |
| 880 | 1 | |6 700-05 |a 梁朝伟, |d 1962-, |e actor. | |
| 880 | 1 | |6 700-06 |a 張曼玉, |e actor. | |
| 880 | 1 | |6 700-07 |a 章子怡, |d 1979-, |e actor | |
| 880 | 1 | |6 700-08 |a 陈道明, |e actor | |
| 880 | 1 | |6 700-09 |a 甄子丹, |d 1963-, |e actor | |
| 994 | |a Z0 |b TXA | ||
| 948 | |h HELD BY TXA - 25 OTHER HOLDINGS | ||
| 999 | f | f | |s 8bf7d8ef-aba5-491f-8b60-59aa4f2fa01f |i 6a73c3d4-2152-4235-bc14-32d1bb0da100 |t 0 |
| 952 | f | f | |a Texas A&M University |b College Station |c Electronic Resources |d Available Online |t 0 |e PN1995.9.F67 Y597 2009 |h Library of Congress classification |
| 998 | f | f | |a PN1995.9.F67 Y597 2009 |t 0 |l Available Online |